Teorías sobre arquitectura (Registro nro. 22127)

Detalles MARC
000 -Cabecera
Campo de control interno 00475nam a22002057a 4500
005 - Fecha y hora del registro
control field 20260324115628.0
008 - Elementos de Longitud Fija
fixed length control field 260324b |||||||| |||| 00| 0 spa d
041 ## - Idioma
Codigo Idioma ESP
082 ## - DEWEY y NOTACIÓN INTERNA
Dewey 720.1
Notación Interna S83
100 ## - AUTOR
Autor denominación Stroeter, Joao Rodolfo
Término de relación autor
245 ## - TÍTULO DE MATERIAL BIBLIOGRÁFICO
Título Teorías sobre arquitectura
260 ## - CIUDAD, EDITORIAL, AÑO
Ciudad :
Nombre de la Editorial ,
Año 2011
300 ## - DESCRIPCIÓN
N° Páginas 214 páginas :
Otros detalles ;
Dimensiones 23 cm.
440 ## - MENCIÓN DE SERIE
Título de la Serie ;
650 ## - TEMAS
Temas Artes Decorativas
654 ## - PROGRAMAS
Programa Dpto. Arquitectura y Urbanismo
700 ## - OTROS AUTORES
Otros autores ;
942 ## - ELEMENTOS DE KOHA
Tipo de documento Libro
Nombre del creador Justo Noguera
Código de catalogador Justo Noguera
Esquema de clasificación Dewey Decimal Classification
Existencias
Codigo completo Registro Colección Copia número Disponibilidad Tipo de préstamo Biblioteca Actual Procedencia (Biblioteca) Ubicacón Fecha Ingreso Tipo de Adquisición Date last seen Total checkouts Total renewals Date last checked out Price effective from Tipo de Item Estado del Material Fuente de Clasificación Damaged status Withdrawn status
720.1 S83 1075566 Universidad Católica San Pablo 1 Disponible Disponible Víctor Andrés Belaunde Víctor Andrés Belaunde Segundo piso 24/03/2026 Compra 31/03/2026 1 1 24/03/2026 24/03/2026 Libro Bueno Dewey Decimal Classification